|
|
|
|
| LEADER |
01673nam a22004332i 4500 |
| 001 |
001528349 |
| 003 |
CZ BrMZK |
| 005 |
20160922160440.0 |
| 007 |
ta |
| 008 |
160526s1992 xr a er|||||||||||cze d |
| 015 |
|
|
|a cnb000072590
|
| 020 |
|
|
|a 80-7046-132-2
|q (Pressfoto. Praha ;
|q brožováno)
|
| 035 |
|
|
|a (OCoLC)39590551
|
| 040 |
|
|
|a BOA001
|b cze
|e rda
|
| 043 |
|
|
|a e-cz-ms
|
| 080 |
9 |
|
|a 908.437.2
|
| 100 |
1 |
|
|a Baletka, Ladislav,
|d 1944-2011
|7 jk01010683
|4 aut
|
| 245 |
1 |
0 |
|a Okres Vsetín /
|c průvodní slovo L. Baletka ; fotografie L. Synek, V. Birgus, M. Langer
|
| 250 |
|
|
|a 1. vyd.
|
| 264 |
|
1 |
|a Praha :
|b Pressfoto,
|c 1992
|
| 300 |
|
|
|a [24] stran :
|b barevné ilustrace ;
|c 24 cm
|
| 336 |
|
|
|a text
|b txt
|2 rdacontent
|
| 337 |
|
|
|a bez média
|b n
|2 rdamedia
|
| 338 |
|
|
|a svazek
|b nc
|2 rdacarrier
|
| 546 |
|
|
|a Souběžný český, německý a anglický text
|
| 550 |
|
|
|a Vydavatel: Okresní úřad Vsetín
|
| 500 |
|
|
|a Dostupné též v digitální podobě v aplikaci Kramerius
|
| 651 |
|
7 |
|a Vsetín (Česko)
|7 ge131347
|2 czenas
|
| 653 |
0 |
|
|a vlastivěda
|
| 655 |
|
7 |
|a průvodce
|7 fd133154
|2 czenas
|
| 700 |
1 |
|
|a Synek, Lubomír,
|d 1949-
|7 ola2004188659
|4 pht
|
| 700 |
1 |
|
|a Birgus, Vladimír,
|d 1954-
|7 jk01012141
|4 pht
|
| 700 |
1 |
|
|a Langer, Miroslav,
|d 1937-
|7 mzk2002156925
|4 pht
|
| 710 |
1 |
|
|a Vsetín (Česko : okres : 1960-).
|b Okresní úřad
|7 ko2004167704
|
| 856 |
4 |
1 |
|u http://www.digitalniknihovna.cz/mzk/uuid/uuid:3c0cf700-9bb2-11ed-9708-005056827e51
|y Digitalizovaný dokument
|x NDK
|
| 910 |
|
|
|a BOA001
|b X-0985.766
|
| 990 |
|
|
|a BK
|
| 991 |
|
|
|b 201605
|
| 996 |
6 |
|
|b 2619162028
|c X-0985.766
|l MZK
|r Sklad / do 24 hodin
|n 2
|w 001563489
|u 000010
|a 1
|e BOA001
|j MZK50
|s P
|